Grzimek's animal life encyclopedia, Vol. 6 : Amphibians

Bibliographic Details
Other Authors: Duellman, William E., Schlager, Neil
Format: Book
Published: Detroit : Thomson Gale , 2004
Edition:Second ed.
Subjects:

MARC

LEADER 00000cam a2200000 7i4500
001 0000019872
005 20080619.0
008 080619
020 |a 0787657824 
090 0 0 |a 590.3   |b GRZ 
245 1 0 |a Grzimek's animal life encyclopedia, Vol. 6 :   |b Amphibians   |c editor William E. Duellman, Neil Schlager 
250 |a Second ed. 
260 |a Detroit :   |b Thomson Gale ,   |c 2004 
500 |a Include index 
650 0 |a Zoology   |x Encyclopedia 
700 1 |a Duellman, William E. 
700 1 |a Schlager, Neil 
999 |a 0001025777   |b Book   |c REFERENCE   |e Perbadanan Perpustakaan Awam Johor